000 00345nam a2200133Ia 4500
008 240624s9999 xx 000 0 und d
041 _aeng
082 _a332 CRO
100 _aCROWTHER DAVID
245 _aMANAGING FINANCE A SOCIALLY RESPONSIBLE
260 _c2007
_aNew Delhi
_bElsevier
300 _axii, : 364 : p. : cm. ; 22
365 _cRS
_b35
999 _c5799
_d5799